Szczegóły MARC21

Optymalizacja nauczania języków obcych w szkole : teoria i praktyka /

003 -Nazwa inst., której nr kontr. jest w polu 001 [,]
    • @
    • Nazwa instytucji, której n kontrolny jest w polu 001
    • NUKAT
005 -DATA I CZAS OSTATNIEJ MODYFIKACJI [,]
    • @
    • pole kontrolne
    • 20241231111611.0
020 -Międzynarod. znormalizowany nr książki - ISBN [ , ]
    • a
    • Numer ISBN
    • 830200362X Find
020 -Międzynarod. znormalizowany nr książki - ISBN [ , ]
    • z
    • Błędny ISBN (P)
    • 830200360X Find
040 -Instytucja sporządzająca opis [ , ]
    • a
    • Instytucja, która sporządziła opis (NP)
    • KR U/39KP
    • c
    • Instytucja, która sporządziła rekord (NP)
    • KR U/39KP
    • d
    • Instytucja, która zmodyfikowała rekord (P)
    • KR U/39KP
    • d
    • Instytucja, która zmodyfikowała rekord (P)
    • LUBL U/EWis
    • d
    • Instytucja, która zmodyfikowała rekord (P)
    • KR U/63MD
    • d
    • Instytucja, która zmodyfikowała rekord (P)
    • WA U/IS
942 -Rodzaj dokumentu [ , ]
    • c
    • Rodzaj dokumentu
    • Książka
100 -Hasło główne - nazwa osobowa [1, ]
    • a
    • Nazwa osobowa (NP)
    • Marton, Waldemar
    • d
    • Daty biograficzne (NP)
    • (1932- ).
    • 9
    • KHW
    • 37512
245 -Strefa tytułu i oznaczenia odpowiedzialności [1,0]
    • a
    • Tytuł
    • Optymalizacja nauczania języków obcych w szkole : Find
    • b
    • Ciąg dalszy tytułu (NP)
    • teoria i praktyka / Find
    • c
    • Pozostałe elementy strefy tytułu i oznaczenia odpowiedzialności (NP)
    • Waldemar Marton.
260 -Strefa adresu wydawniczego [ , ]
    • a
    • Miejsce wydania (P)
    • Warszawa :
    • b
    • Nazwa wydawcy (P)
    • Wydawnictwa Szkolne i Pedagogiczne,
    • c
    • Data wydania (P)
    • 1979.
300 -Strefa opisu fizycznego [ , ]
    • a
    • Określenie formy książki i/lub objętość (NP)
    • 210, [2] s. ;
    • c
    • Format (NP)
    • 21 cm.
336 -Typ zawartości [ , ]
    • a
    • Termin opisujący typ zawartości
    • Tekst
    • b
    • Kod określający zawartość
    • txt
    • 2
    • Źródło (terminu i kodu)
    • rdacontent
337 -Typ mediów [ , ]
    • a
    • Tryb odtwarzania
    • Bez urządzenia pośredniczącego
    • b
    • Kod typu mediów
    • n
    • 2
    • Źródło (terminu i kodu)
    • rdamedia
338 -Typ/rodzaj nośnika [ , ]
    • a
    • Hasło opisujące typ nośnika
    • Wolumin
    • b
    • Kod typu nośnika
    • nc
    • 2
    • Źródło (terminu i kodu)
    • rdacarrier
490 -Strefa serii i książki wielotomowej - forma nie do wyszukiwania [1, ]
    • a
    • Tytuł (P)
    • Biblioteka Nauczycieli Języków Obcych Find
830 -Hasło dodatkowe serii i opisu książki wielotomowej - tytuł ujednolicony/tytuł [ ,0]
    • a
    • Tytuł ujednolicony/tytuł (NP)
    • Biblioteka Nauczycieli Języków Obcych
    • 9
    • KHW
    • 15713
500 -Uwaga ogólna [ , ]
    • a
    • Uwaga ogólna (NP)
    • Na s. red. ISBN 83-02-00362-X, na okł. 83-02-00360-X.
504 -Uwaga dot. bibliogr. załącznikowej [ , ]
    • a
    • Uwaga dot. bibliografii załącznikowej
    • Bibliogr. s. 206-[211].
080 -Uniwersalna Klasyfikacja Dziesiętna [ , ]
    • a
    • Symbol klasyfikacji
    • 37.091.3
    • 2
    • Identyfikator wydania tablic
    • UDC-P058
    • 9
    • UKD
    • 3874
    • b
    • Dopowiedzenie
    • Ogólne zagadnienia metodyki nauczania. Dydaktyka ogólna. Metody i formy nauczania. Formy nabywania wykształcenia.
080 -Uniwersalna Klasyfikacja Dziesiętna [ , ]
    • a
    • Symbol klasyfikacji
    • 81
    • 2
    • Identyfikator wydania tablic
    • UDC-P058
    • 9
    • UKD
    • 6368
    • b
    • Dopowiedzenie
    • Językoznawstwo. Języki.
080 -Uniwersalna Klasyfikacja Dziesiętna [ , ]
    • a
    • Symbol klasyfikacji
    • 81'24
    • 2
    • Identyfikator wydania tablic
    • UDC-P058
    • 9
    • UKD
    • 6390
    • b
    • Dopowiedzenie
    • Praktyczna znajomość języków.
650 -Hasło przedmiotowe [ ,7]
    • a
    • Hasło przedmiotowe
    • Języki obce
    • x
    • Określnik rzeczowy
    • opanowywanie.
    • 2
    • Źródło terminu
    • kaba
    • 9
    • KHW
    • 364499
650 -Hasło przedmiotowe [ ,7]
    • a
    • Hasło przedmiotowe
    • Języki obce
    • x
    • Określnik rzeczowy
    • studia i nauczanie.
    • 2
    • Źródło terminu
    • kaba
    • 9
    • KHW
    • 113631
980 -Symbol UKD [ , ]
    • a
    • UKD
    • 37.091.3:81:81'24
710 -Hasło dodatkowe - nazwa ciała zbiorowego [2, ]
    • a
    • Nazwa ciała zbiorowego lub nazwa geograficzna jako pierwszy element (NP)
    • Wydawnictwa Szkolne i Pedagogiczne.
    • 4
    • Kod relacji
    • pbl
    • 9
    • KHW
    • 52547
920 -ISBN [ , ]
    • a
    • ISBN
    • 83-02-00362-X Find
920 -ISBN [ , ]
    • z
    • Błędny ISBN
    • 83-02-00360-X Find
Sygnatura Numer inwentarzowy Status udost. Lokalizacja Data inwentaryzacji
W.84259W.84259-3BG1996-08-29
W.84259W.84260-3BG1996-08-29
W.84259W.84261-3BG1996-08-29
W.84259W.842622BG1996-08-29
W.84259W.842632BG1996-08-29
W.84259W.842642BG1996-08-29
W.84259W.842652BG1996-08-29
W.84259W.844762BG1996-08-29
W.84259W.844772BG1996-08-29
Z.38365Z.383652BG1996-08-29
Dydaktyka języków obcych 37A.44711BM1996-08-27
 P.15280-3BM1999-04-07
 R.20201BM1996-08-29